Normal view
MARC view
- CALCULUS ENGINEERING MATHEMTICS
Entry Topical Term
001 - CONTROL NUMBER
- control field: 65583
003 - CONTROL NUMBER IDENTIFIER
- control field: NUST
005 - DATE AND TIME OF LATEST TRANSACTION
- control field: 20210628203444.0
008 - FIXED-LENGTH DATA ELEMENTS
- fixed length control field: 210628|| aca||aabn | a|a d
040 ## - CATALOGING SOURCE
- Original cataloging agency: NUST
- Transcribing agency: NUST
150 ## - HEADING--TOPICAL TERM
- Topical term or geographic name entry element: CALCULUS ENGINEERING MATHEMTICS
670 ## - SOURCE DATA FOUND
- Source citation: Work cat.: (NUST): VAVRA, A , RICHICKI, S , RADFORD, L 65582, TECHNICAL MATHEMTICS WITH CALCULUS, 1986
